zpět

Detail výsledku týmu

Dělnický dům, Jihlava

Datum a čas kvízu

23.5 Celkem bodů Celkový počet nahraných bodů na tomto kvízu bez doplňovacích otázek.
6. Pořadí na kvízu Konečné umístění týmu na tomto kvízu.

Zaznamenané odpovědi

# Otázka Odpověď Body Výsledky
1. Jeden z ministrů české vlády s... Robert Plaga 1
2. Ve švýcarském Curychu minulý t... čokoláda 0
3. Na rozdíl od dob socialismu se... Máša a medvěd 1
4. Další z obchodních řetězců pů... Lidl 1
5. Hokejový útočník a bronzový me... Rostislav Olesz 0
6. Po dějinách Ukrajiny, které js... Arpádovci 0
7. Jak se nazývá město v jižním M... Moháč 1
8. V rámci Pařížské mírové konfer... Trianonská smlouva 0
9. Období mezi lety 1969–1989 v M... János Kádár 0
10. Napište šestipísmennou zkratku... Fidesz 0